000
00305nam a22001457a 4500
008
230522b ||||| |||| 00| 0 eng d
020
_a
9782070379491
041
_a
FRA
080
_a
82
082
_a
82MAR
100
_a
38
101
_a
GJL
245
_a
LE COEUR COUSU
_c
MARTINEZ C
942
_2
udc
_c
BK
999
_c
59793
_d
59793